[Event "IECC CL5-2003.21 email"]
[Site "IECC email"]
[Date "2003.10.12"]
[Round "?"]
[White "Johanssen, Robert"]
[Black "Huber, Martin"]
[Result "0-1"]
[WhiteElo "1439"]
[BlackElo "1466"]
[PlyCount "25"]
[EventDate "2003.??.??"]
[EventType "tourn (corr)"]
[EventRounds "4"]
[SourceTitle "Corr 2008"]
[Source "ChessBase"]
[SourceDate "2008.06.24"]
[SourceVersion "1"]
[SourceVersionDate "2008.06.24"]
[SourceQuality "1"]

1. e4 c6 2. d4 d5 3. exd5 cxd5 4. c4 Nf6 5. Nc3 e6 6. Nf3 Bb4 7. cxd5 Nxd5 8. Bd2 Nc6 9. Bb5 0-0 10. 0-0 Be7 11. Rc1 Ncb4 12. Nxd5 Nxd5 13. Qe2 0-1